Los perros no ladraron : novela /
Gorde:
| Egile nagusia: | |
|---|---|
| Formatua: | Ezezaguna |
| Hizkuntza: | Spanish |
| Argitaratua: |
San José, Costa Rica :
Editorial Costa Rica,
1978.
|
| Edizioa: | 3. edición |
| Gaiak: | |
| Etiketak: |
Etiketa erantsi
Etiketarik gabe, Izan zaitez lehena erregistro honi etiketa jartzen!
|
MARC
| LEADER | 000000000a22000000004500 | ||
|---|---|---|---|
| 001 | 001948 | ||
| 008 | 150618s1978 cr |r|||| 00| f spa d | ||
| 041 | 0 | |a español | |
| 082 | |a CR863.4 |b N218p3 | ||
| 100 | 1 | |a Naranjo, Carmen |d 1928-2012 |9 78 | |
| 245 | 1 | 4 | |a Los perros no ladraron : |b novela / |c Carmen Naranjo |
| 250 | |a 3. edición | ||
| 260 | |a San José, Costa Rica : |b Editorial Costa Rica, |c 1978. | ||
| 300 | |a 208 páginas | ||
| 500 | |a "Premio Aquileo Echeverría, 1996". | ||
| 650 | 1 | 4 | |a LITERATURA COSTARRICENSE |v NOVELA |
| 942 | |2 ddc |c BK | ||
| 999 | |c 2833 |d 2833 | ||
